Introduction to design theory : (Record no. 31160)

MARC details
000 -LEADER
fixed length control field 04146nam a2200325 i 4500
001 - CONTROL NUMBER
control field R9781003216230
001 - CONTROL NUMBER
control field 9781003216230
003 - CONTROL NUMBER IDENTIFIER
control field EG-ScBUE
005 - DATE AND TIME OF LATEST TRANSACTION
control field 20260405115622.0
008 - FIXED-LENGTH DATA ELEMENTS--GENERAL INFORMATION
fixed length control field 230623s2024 enka f b 001 0 eng d
020 ## - INTERNATIONAL STANDARD BOOK NUMBER
Cancelled/invalid ISBN 9781032106182
040 ## - CATALOGING SOURCE
Original cataloging agency NhCcYBP
Language of cataloging eng
Description conventions rda
Transcribing agency NhCcYBP
Modifying agency EG-ScBUE
082 04 - DEWEY DECIMAL CLASSIFICATION NUMBER
Classification number 744.01
Edition number 22
Item number GAL
100 1# - MAIN ENTRY--PERSONAL NAME
Personal name Gal, Michalle,
Relator term author.
245 10 - TITLE STATEMENT
Title Introduction to design theory :
Remainder of title philosophy, critique, history and practice /
Statement of responsibility, etc Michalle Gal and Jonathan Ventura.
264 #1 - PUBLICATION, DISTRIBUTION, ETC. (IMPRINT)
Place of publication, distribution, etc Abingdon, Oxon ;
-- New York, NY :
Name of publisher, distributor, etc Routledge, Taylor & Francis Group,
Date of publication, distribution, etc 2024.
300 ## - PHYSICAL DESCRIPTION
Extent xi, 274 pages :
Other physical details illustrations ;
Dimensions 24 cm
336 ## - CONTENT TYPE
Content type term text
Content type code txt
Source rdacontent
337 ## - MEDIA TYPE
Media type term computer
Media type code c
Source rdamedia
338 ## - CARRIER TYPE
Carrier type term online resource
Carrier type code cr
Source rdacarrier
504 ## - BIBLIOGRAPHY, ETC. NOTE
Bibliography, etc Includes bibliographical references and index.
505 0# - FORMATTED CONTENTS NOTE
Formatted contents note Definitions of design -- Form and function -- Design and (or as) language -- Design between theory and practice: applied theories of design -- Design, culture and social institutions -- Design and industry -- Design, ecologies and the body -- Design and ideology.
520 ## - SUMMARY, ETC.
Summary, etc "Introduction to Design Theory introduces a comprehensive, systematic, and didactic outline of the discourse of design. Designed both as a course book and a source for research, this textbook methodically covers the central concepts of design theory, definitions of design, its historical milestones, and its relations to culture, industry, body, ecology, language, society, gender and ideology. Demonstrated by a shift towards the importance of the sociocultural context in which products are manufactured and embedded, this book showcases design theory as an emerging sub-discipline of design, unique in its practice-based approach and its broad perception of design. It offers an in-depth understanding of the central concepts, such as "form" and "function", "theory" and "practice", through a discussion of key case studies and historical examples, such as the advent of the view of design in antiquity, the introduction of mass production to modernist design or the ideological shifts in design in the mid-twentieth century, as well as analytical tools for further dissection and learning in practice. With a focus on a combination of several theoretical knowledge foundations -- aesthetics and philosophy, critical theories, cultural studies, design history and design anthropology -- the reader is enabled to approach design as a central pivot around which contemporary culture revolves, reflecting, reaffirming or challenging social and cultural structures. Aimed towards undergraduate and postgraduate students, as well as teachers and scholars, from across the design disciplines, Introduction to Design Theory invites readers to engage with design from an interdisciplinary perspective, departing from the traditional academic compartmentalisation of practice, history and philosophy."--Provided by publisher.
545 0# - BIOGRAPHICAL OR HISTORICAL DATA
Biographical or historical note Michalle Gal is a Professor of Philosophy at the Unit of History and Philosophy of Art and Design and the Interdisciplinary Design Graduate Program, Shenkar College, Israel. Gal is the author of Visual Metaphors and Aesthetics: A Formalist Theory of Metaphor (2022) and Aestheticism: Deep Formalism and the Emergence of Modernist Aesthetics (2015), and the co-editor of the special issues Art and Gesture (2014), Visual Hybrids (2023, Poetics Today) and Design and its Relations (2023, Journal of Comparative Literature and Aesthetics). Jonathan Ventura is a Professor of Design Theory and Research and the Director of the Unit for History and Philosophy of Art and Design at Shenkar College, Israel; Ventura is also a visiting scholar at the Helen Hamlyn Centre for Design, Royal College of Art, UK, and an international instructor at the PhD School at MOME University in Budapest Hungary. He is the co-founder and co-director of the international Social Design Network (https://www.socialdesignnetwork.org/).
650 #7 - SUBJECT ADDED ENTRY--TOPICAL TERM
Topical term or geographic name as entry element Design
General subdivision Philosophy.
Source of heading or term BUEsh
653 ## - INDEX TERM--UNCONTROLLED
Arrived date list April2026
Resource For college Arts and Design
655 ## - INDEX TERM--GENRE/FORM
Form subdivision Reading book
700 1# - ADDED ENTRY--PERSONAL NAME
Personal name Ventura, Jonathan,
Relator term author.
942 ## - ADDED ENTRY ELEMENTS (KOHA)
Source of classification or shelving scheme Dewey Decimal Classification
Koha item type Book - Borrowing
Holdings
Withdrawn status Lost status Source of classification or shelving scheme Damaged status Not for loan Collection code Home library Current library Shelving location Date acquired Source of acquisition Cost, normal purchase price Serial Enumeration / chronology Total Checkouts Full call number Barcode Date last seen Cost, replacement price Price effective from Koha item type
    Dewey Decimal Classification     Baccah Central Library Central Library Second Floor 05/04/2026 Purchase 2839.00 40179   744.01 GAL 000057572 05/04/2026 3550.00 05/04/2026 Book - Borrowing